Normal view
MARC view
Entry Personal Name
001 - CONTROL NUMBER
- control field: 21629
003 - CONTROL NUMBER IDENTIFIER
- control field: OSt
005 - DATE AND TIME OF LATEST TRANSACTION
- control field: 20210205161333.0
008 - FIXED-LENGTH DATA ELEMENTS
- fixed length control field: 210205|| aca||aabn | a|a d
040 ## - CATALOGING SOURCE
- Original cataloging agency: OSt
- Transcribing agency: OSt
100 ## - HEADING--PERSONAL NAME
- Personal name: Nair, Janaki.
670 ## - SOURCE DATA FOUND
- Source citation: Work cat.: (OSt)514723: Nair, Janaki. , Modernity and ‘publicness’: The career of the Mysore matha, 1880–1940
